[Event "Pescia op-A 4th"]
[Site "Pescia"]
[Date "2011.09.18"]
[Round "4"]
[White "Mazzeo, Gabriele"]
[Black "Salerni, Guido"]
[Result "1/2-1/2"]
[WhiteElo "1789"]
[BlackElo "1786"]
[PlyCount "49"]
[EventDate "2011.09.16"]
[EventType "swiss"]
[EventRounds "5"]
[EventCountry "ITA"]
[SourceTitle "EXT 2015"]
[Source "ChessBase"]
[SourceDate "2014.11.20"]
[SourceVersion "1"]
[SourceVersionDate "2014.11.20"]
[SourceQuality "1"]

1. Nf3 Nf6 2. g3 g6 3. Bg2 Bg7 4. 0-0 0-0 5. d3 c5 6. c4 Nc6 7. Nc3 d6 8. a3 Bd7 9. Bd2 Qc8 10. Qc1 Bh3 11. Bh6 Bxg2 12. Kxg2 a6 13. Bxg7 Kxg7 14. Rb1 Rb8 15. b4 cxb4 16. axb4 b5 17. cxb5 axb5 18. Qb2 Kg8 19. Ra1 Qb7 20. Kg1 Ra8 21. Rfc1 Nd7 22. Rxa8 Rxa8 23. Nd5 Nb6 24. Nxb6 Qxb6 25. Qc3 1/2-1/2

[Event "Pistoia Province-ch"]
[Site "Pistoia"]
[Date "2011.01.11"]
[Round "2"]
[White "Mazzeo, Gabriele"]
[Black "Catola, Marco"]
[Result "1/2-1/2"]
[WhiteElo "1770"]
[BlackElo "1668"]
[PlyCount "45"]
[EventDate "2011.01.08"]
[EventType "swiss"]
[EventRounds "6"]
[EventCountry "ITA"]
[SourceTitle "EXT 2015"]
[Source "ChessBase"]
[SourceDate "2014.11.20"]
[SourceVersion "1"]
[SourceVersionDate "2014.11.20"]
[SourceQuality "1"]

1. e4 d5 2. exd5 Qxd5 3. Nc3 Qd6 4. Nf3 c6 5. d4 Nf6 6. h3 Nbd7 7. Be3 Nb6 8. Bd3 Nbd5 9. Nxd5 Nxd5 10. Bd2 Nf4 11. Bxf4 Qxf4 12. c3 e6 13. Qd2 Qxd2+ 14. Nxd2 Bd7 15. Ne4 Be7 16. 0-0 0-0 17. Rfe1 Rfd8 18. Rad1 Re8 19. Re2 Rad8 20. Red2 Bf6 21. f4 Bc8 22. Bf1 Rd5 23. g3 1/2-1/2

[Event "EU-ch U12 19th"]
[Site "Fermo"]
[Date "2009.09.04"]
[Round "5"]
[White "Mazzeo, Gabriele"]
[Black "Pescatore, Lorenzo"]
[Result "0-1"]
[WhiteElo "1804"]
[BlackElo "1855"]
[PlyCount "106"]
[EventDate "2009.08.31"]
[EventType "swiss"]
[EventRounds "9"]
[EventCountry "ITA"]
[SourceTitle "CBM 132 Extra"]
[Source "ChessBase"]
[SourceDate "2009.11.03"]
[SourceVersion "1"]
[SourceVersionDate "2009.11.03"]
[SourceQuality "1"]

1. e4 Nc6 2. Nf3 e5 3. d4 exd4 4. Nxd4 Bc5 5. Be3 Qf6 6. c3 Qg6 7. Nd2 Nf6 8. Qf3 Nxd4 9. Bxd4 Bxd4 10. cxd4 d6 11. h3 0-0 12. Bd3 Re8 13. 0-0 Qg5 14. Rad1 Nh5 15. Kh1 Re6 16. e5 Nf4 17. Rfe1 d5 18. Bf1 Rg6 19. Qg3 Qxg3 20. fxg3 Rxg3 21. Kh2 Rg6 22. Nb3 Rb6 23. Rd2 a5 24. Rc1 Ne6 25. Nc5 c6 26. Nxe6 Bxe6 27. g4 h6 28. Kg3 Kf8 29. Bd3 Ke7 30. Rf1 Rc8 31. Rc1 Ke8 32. Bf5 Ke7 33. h4 Ra6 34. Rdc2 Raa8 35. Rc5 Kd7 36. Bxe6+ fxe6 37. Rf1 b6 38. Rc2 Rf8 39. Rff2 Rxf2 40. Rxf2 Ke7 41. Rc2 Rc8 42. Kf3 c5 43. b3 Kd7 44. Ke2 cxd4 45. Rxc8 Kxc8 46. Kd3 Kd7 47. Kxd4 g5 48. h5 Kc6 49. a3 Kb5 50. Ke3 a4 51. b4 Kc4 52. Kd2 d4 53. Kc2 Kd5 0-1